| 000 | 00335nam a22000977a 4500 | ||
|---|---|---|---|
| 008 | 140101b xxu||||| |||| 00| 0 eng d | ||
| 020 |
_a0962373133 _cAvailable |
||
| 082 |
_2Fourth Ed _a532.05015118HOF _b002370 |
||
| 245 |
_aComputational Fluid Dynamics Vol-II _cHoffmann Klaus |
||
| 260 |
_aUSA _bA Publication of Engineering Education System _c2000 |
||
| 999 |
_c23694 _d23694 |
||